| 000 | 00651nam a2200265 a 4500 | ||
|---|---|---|---|
| 005 | 20140310183327.0 | ||
| 008 | 060727s19uu xx 00 eng d | ||
| 020 | _a0781788196 | ||
| 050 |
_aRM 300 _b.K37 2006 |
||
| 100 | _aKarch, Amy M. | ||
| 245 |
_aFocus on nursing pharmacology / _cAmy M. Karch. |
||
| 250 | _a3rd ed. | ||
| 260 |
_aU.S.A : _bLippincott Williams & Wilkins, _c2006. |
||
| 300 |
_a970 p. : _c26 cm. |
||
| 521 | _aNUR | ||
| 650 | _aPharmacology. | ||
| 942 |
_cBK _2lcc _kFOR |
||
| 999 |
_c21481 _d21481 |
||